000 00970nas a2200277 4500
001 BR8401927
003 BR-BrBNA
005 20231205085903.0
007 ta
008 230509b bl.|||p| |||| 00| 00por d
040 _aBR-BrBNA
_bpor
_cBiblioteca Nacional de Agricultura
041 _a(Pt)
072 _aH10
100 1 _aSuplicy Filho, N.
100 1 _aSampaio, A.S.
100 1 _aMyazaki, I.
245 1 _aConsideracoes sobre o coccideo Orthezia praelonga Douglas, 1891, importante praga da citricultura brasileira [cochonilha branca]
246 1 _a[Comments on coccid Orthezia praelonga Douglas, 1891, important pest in Brazilian citriculture [silver cochineal]]
650 _aFRUTA CITRICA
650 _aCOCHONILHA BRANCA
650 _aCONTROLE BIOLOGICO
650 _aCONTROLE QUIMICO
773 0 _tBiologico (Brazil)
_xISSN 0366-0567
_g(Jan 1983), v. 49(1) p. 19-24
_wBR8401927
909 _a202311
_bLúcia
_c55
_dLúcia Elande
942 _2AGRIS
_n0
_cANA
999 _c114535
_d114535